Представление документа в формате RUSMARC

ПолеНазваниеЗначение
  Тип записи a
  Библиографический уровень a
001 Контрольный номер UONB/MAIN/1abd1c30aa86450ba9d7f19f52ac01c4
005 Дата корректировки 20260514164123.3
100 Данные общей обработки __
a Данные общей обработки 20260514 ||| 0rusy0189 ca
101 Язык документа 0_
a Язык текста rus
102 Страна публикации __
a Страна публикации RU
200 Заглавие и сведения об ответственности 1_
a Заглавие Дорога к храму
f Первые сведения об ответственности Л. Иванова
203 Вид содержания и тип средства __
a Вид содержания Текст
b Характеристика содержания визуальный
c Тип средства непосредственный
215 Физическое описание __
c Иллюстрации/тип воспроизводства ил., портр.
330 Аннотация __
a Аннотация Иерей Алексей Миронов - священник храма в честь Покрова пресвятой Богородицы р. п. Павловка.
461 Уровень набора _0
1 2000
a Искра
463 Уровень физической единицы _0
1 2000
a № 18 (9957) (6 мая)
v С. 4
1 2101
d 2026
1 001UONB/MAIN/dfcc8cba873e48f7bcfd06087467e6ef
600 Персоналии _1
a Персоналии (Фамилия) Миронов
b Персоналии (Имя, инициалы) А.
g Полное имя Алексей
c Дополнение к имени иерей
601 Наименование организации как предмет 02
a Наименование организации как предмет Храм в честь Покрова Пресвятой Богородицы (Павловский район ; Ульяновская область)
607 Географические рубрики __
a Географическое наименование Павловка, рабочий поселок (Павловский район ; Ульяновская область)
610 Ключевые слова 0_
a Ключевые слова духовенство; священники; священнослужители; иереи; настоятели
686 Индексы других классификаций __
2 Код системы rubbk
a Классификационный индекс 86.3-8
700 Автор _1
a Фамилия Иванова
b Имя (инициалы) Л.
g Полное личное имя Людмила
801 Источник записи _0
a Страна RU
b Организация Ульяновская ОНБ
c Дата составления 20260514
g Правила каталогизации RCR
801 Источник записи _1
a Страна RU
b Организация Ульяновская ОНБ
c Дата составления 20260514
g Правила каталогизации RCR
901 Тип документа __
t Тип документа f
w Контрольный № источника UONB/MAIN/dfcc8cba873e48f7bcfd06087467e6ef
909 Создатель записи __
a Создатель записи Мухаметжанова
b Дата создания записи 20260514